Характер та взаємовплив англійських та французьких запозичень (Запис № 281832)

МАРК-запис
000 -LEADER
fixed length control field 01399nam a22001577a 4500
041 ## - LANGUAGE CODE
Language code of text/sound track or separate title ukr
080 ## - UNIVERSAL DECIMAL CLASSIFICATION NUMBER
Universal Decimal Classification number 09
090 ## - LOCALLY ASSIGNED LC-TYPE CALL NUMBER (OCLC); LOCAL CALL NUMBER (OCLC)
Local cutter number (OCLC) ; Book number/undivided call number, CALL (RLIN) ДРУ
100 ## - MAIN ENTRY--PERSONAL NAME
Personal name Друк О. С.
245 ## - TITLE STATEMENT
Title Характер та взаємовплив англійських та французьких запозичень
260 ## - PUBLICATION, DISTRIBUTION, ETC. (IMPRINT)
Place of publication, distribution, etc Острог
Name of publisher, distributor, etc КАФ
Date of publication, distribution, etc 2003
300 ## - PHYSICAL DESCRIPTION
Extent 47
520 ## - SUMMARY, ETC.
Summary, etc Розділ 1. Запозичення у системі лексичного складу мови.<br/>Розділ 2. Французькі запозичення в англійській мові, їх характер та класифікація.<br/>2.1. Причини запозичень.<br/>2.2. Процес запозичення.<br/>2.3. Асиміляція запозичень.<br/>2.4. Французькі запозичення в англійській усній мові.<br/>Розділ 3. Англійські запозичення у французькій мові.<br/>3.1. Причини запозичень.<br/>3.2. Процес запозичень.<br/>3.3. Асиміляція запозичень.<br/>3.4. Англійські запозичення у французькій усній мові.<br/>Розділ 4. Взаємовплив англійських та французьких запозичень.
-- Запозичення, асиміляція, класифікація.
650 ## - SUBJECT ADDED ENTRY--TOPICAL TERM
Topical term or geographic name as entry element Research Papers
942 ## - ADDED ENTRY ELEMENTS (KOHA)
Koha item type Книги
Фонди
Withdrawn status Lost status Source of classification or shelving scheme Damaged status Not for loan Home library Current library Date acquired Source of acquisition Coded location qualifier Cost, normal purchase price Total Checkouts Full call number Barcode Date last seen Price effective from Koha item type
    Universal Decimal Classification     ВІЛ - Відділ іноземн. літератури НБ ВІЛ - Відділ іноземн. літератури НБ 08/08/2005 Акт 03\01 В11 1.00   09 208762 20/12/2021 01/09/2003 Книги